Ľ élargissement et ľ euro

Bilancovanie Komisie Európskej únie, čo prinieslo euro po jeho zavedení do dvanástich členských krajín. Čo znamená euro pre jednotlivcov a čo pre podniky. Nedostatočná informovanosť občanov. Vydávanie eurobankoviek Európskou centrálnou bankou.

Salvato in:
Dettagli Bibliografici
Autore principale: Rizeková, Iveta, 1961-
Natura: Capitolo di libro
Lingua:francese
Soggetti:
Tags: Aggiungi Tag
Nessun Tag, puoi essere il primo ad aggiungerne!!

MARC

LEADER 00000naa$a2200000$$$4500
001 0076582
005 20240502071908.7
041 0 |a fre 
044 |a SK 
245 1 0 |a Ľ élargissement et ľ euro  |c Iveta Rizeková 
520 |a Bilancovanie Komisie Európskej únie, čo prinieslo euro po jeho zavedení do dvanástich členských krajín. Čo znamená euro pre jednotlivcov a čo pre podniky. Nedostatočná informovanosť občanov. Vydávanie eurobankoviek Európskou centrálnou bankou. 
610 2 0 |a euro 
610 2 0 |a eurozóna 
610 2 0 |a mena 
610 2 0 |a Európska únia 
610 2 0 |a občania 
610 2 0 |a firmy 
610 2 0 |a informácie 
610 2 0 |a banky centrálne 
100 1 |a Rizeková, Iveta, 1961-